| 000 | 00660nac a22002171ca4500 | ||
|---|---|---|---|
| 001 | a987667918 | ||
| 003 | RU-10907106 | ||
| 005 | 20220412125922.0 | ||
| 008 | 170707s2013 gw |||| 000u ger d | ||
| 020 |
_a9783835309951 _9978-3-8353-0995-1 |
||
| 040 |
_cRU-10907106 _aRU-10907106 _bger |
||
| 041 | _ager | ||
| 100 | 1 |
_aPringsheim-Dohm, Hedwig _92268 |
|
| 245 | 0 | 0 |
_aTagebücher _cHedwig Pringsheim. Hrsg. und kommentiert von Cristina Herbst |
| 264 | 1 |
_aGöttingen : _bWallstein Verlag, _c2013 |
|
| 600 | 0 |
_aPringsheim-Dohm, Hedwig _92268 |
|
| 655 | 0 |
_aTagebuch _9935 |
|
| 700 | 1 |
_aHerbst, Cristina _eHerausgeberIn _92269 |
|
| 942 |
_cMG _2z |
||
| 999 |
_c51808 _d51808 |
||